El conflicto Ecuador-Perú: un progresivo reordenamiento de fuerzas
Kaydedildi:
| Materyal Türü: | Metin |
|---|---|
| Konular: | |
| Etiketler: |
Etiketle
Etiket eklenmemiş, İlk siz ekleyin!
|
MARC
| LEADER | 00000 a a2200000 04500 | ||
|---|---|---|---|
| 001 | 18033 | ||
| 003 | |||
| 040 | |||
| 245 | |a El conflicto Ecuador-Perú: |b un progresivo reordenamiento de fuerzas | ||
| 650 | |a POLITICA | ||
| 650 | |a PLANES DE DESARROLLO | ||
| 650 | |a INFRAESTRUCTURA FISICA | ||
| 650 | |a ECONOMIA | ||
| 650 | |a ECUADOR | ||
| 650 | |a PERU | ||
| 773 | |g volumen 5, número 13; páginas 145 | ||
| 999 | |c 29057 |d 29057 | ||
| 773 | 0 | |0 42391 |9 3890 |a Agencia Latinoamericana de Información, ALAI |d Quito, Ecuador: ALAI |o 04421 |t ALAI: |x 08275564 (Servicio mensual de información y documentación) | |
